Intermediate economics Part-1 / (Record no. 184533)
[ view plain ]
| 000 -LEADER | |
|---|---|
| fixed length control field | 01206 a2200181 4500 |
| 003 - CONTROL NUMBER IDENTIFIER | |
| control field | Nust |
| 005 - DATE AND TIME OF LATEST TRANSACTION | |
| control field | 20221222085324.0 |
| 040 ## - CATALOGING SOURCE | |
| Transcribing agency | Nust |
| 082 ## - DEWEY DECIMAL CLASSIFICATION NUMBER | |
| Classification number | 330,KHA |
| 100 ## - MAIN ENTRY--PERSONAL NAME | |
| Personal name | Abdul Haleem Khawja |
| 9 (RLIN) | 105584 |
| 245 ## - TITLE STATEMENT | |
| Title | Intermediate economics Part-1 / |
| Statement of responsibility, etc. | Abdul Haleem Khawja |
| 260 ## - PUBLICATION, DISTRIBUTION, ETC. | |
| Place of publication, distribution, etc. | Khawja & Khawja Publishing House |
| Name of publisher, distributor, etc. | Islamabad |
| Date of publication, distribution, etc. | 2003 |
| 300 ## - PHYSICAL DESCRIPTION | |
| Extent | 263 p |
| Other physical details | illus |
| Dimensions | 24 cm |
| 505 ## - FORMATTED CONTENTS NOTE | |
| Formatted contents note | Nature And Scope Of Economics (Page-1), Basic Terms And Concepts In Economics (Page-21), Consumption (Page-31), Demand (Page-44), Elasticity Of Demand (Page-52), Supply (Page-65), Equilibrium Of Demand And Supply (Page-75), Equilibrium Of Demand And Supply (Page-96), Production And Factors Of Production (Page-103), Scale Of Production And Laws Of Returns (Page-121), Market (Page-139), Firms Product, Cost And Revenues (Page-149), Equilibrium Of Firm And Industry (Page-160), The Theory Of Distribution (Page-170), Wages (Page-179), Rent (Page-192), Interest (Page-199), Profit (Page-207), Some Concepts Of Statistics (Page-211), Objective Questions (Page-219), Examination Papers (Page-260). |
| 600 ## - SUBJECT ADDED ENTRY--PERSONAL NAME | |
| Personal name | Abdul Haleem Khawja |
| 9 (RLIN) | 105584 |
| 650 ## - SUBJECT ADDED ENTRY--TOPICAL TERM | |
| Topical term or geographic name entry element | Intermediate economics Part-1 |
| 9 (RLIN) | 105585 |
| 942 ## - ADDED ENTRY ELEMENTS (KOHA) | |
| Source of classification or shelving scheme | |
| Koha item type | Book |
| Call number prefix | 330,KHA |
| Withdrawn status | Lost status | Source of classification or shelving scheme | Damaged status | Not for loan | Permanent Location | Current Location | Shelving location | Date acquired | Full call number | Barcode | Date last seen | Price effective from | Koha item type | Public note |
|---|---|---|---|---|---|---|---|---|---|---|---|---|---|---|
| Military College of Signals (MCS) | Military College of Signals (MCS) | General Stacks | 12/12/2016 | 330,KHA | MCS30547 | 12/08/2016 | 12/12/2016 | Book | Almirah No.50, Shelf No.2 |
